Paradise news : (Record no. 5996)

MARC details
000 -LEADER
fixed length control field 00503nam a22001932 4500
001 - CONTROL NUMBER
control field 0000002733
005 - DATE AND TIME OF LATEST TRANSACTION
control field 20151217151903.0
008 - FIXED-LENGTH DATA ELEMENTS--GENERAL INFORMATION
fixed length control field 070419s xx 000 0 eng d
020 ## - INTERNATIONAL STANDARD BOOK NUMBER
International Standard Book Number 0140165215 :
040 ## - CATALOGING SOURCE
Original cataloging agency KABU
Transcribing agency KABU
050 #0 - LIBRARY OF CONGRESS CALL NUMBER
Classification number PR6062
Item number .O34P37
100 1# - MAIN ENTRY--PERSONAL NAME
Personal name Lodge, David A. A.
-- 0000068782
245 10 - TITLE STATEMENT
Title Paradise news :
Remainder of title a novel.
260 ## - PUBLICATION, DISTRIBUTION, ETC. (IMPRINT)
Place of publication, distribution, etc. London :
Name of publisher, distributor, etc. Penguin,
Date of publication, distribution, etc. 1992.
300 ## - PHYSICAL DESCRIPTION
Extent 294 p.
908 ## - PUT COMMAND PARAMETER (RLIN)
Put command parameter 070419
950 ## - LOCAL HOLDINGS (RLIN)
-- 1
Holdings
Withdrawn status Lost status Source of classification or shelving scheme Not for loan Home library Current library Date acquired Total Checkouts Full call number Barcode Date last seen Date last checked out Price effective from Koha item type
    Library of Congress Classification   Kabarak, Main Campus Kabarak, Main Campus 17/12/2015 2 PR6062 .O34P37 004469 09/06/2025 29/05/2025 17/12/2015 General Collection
Designed with assistance from East African Informatics Ltd